Plain White T's-Hey There Delilah (Lyrics) - Statistics

General Stats
  • This quiz has been taken 1,517 times
  • The average score is 295 of 375
Answer Stats
Lyrics % Correct
Delilah,
100%
Delilah
100%
Delilah'
100%
Hey
100%
The
100%
There
100%
There,
100%
I
99%
What
99%
You
99%
A
98%
Do
98%
It
98%
In
97%
Like
97%
New
97%
To
97%
York
97%
City?
96%
Miles
95%
So
95%
What's
95%
Away
94%
Pretty
94%
Thousand
94%
But,
93%
But
93%
I'm
93%
It's
93%
Look
93%
Me
93%
Oh,
91%
Oh
91%
Yes,
91%
Tonight
90%
Girl,
87%
Girl
87%
True
83%
Be
82%
Your
82%
Know
80%
Time
80%
As
79%
Can
79%
And
77%
Bright
77%
Shine
77%
Don't
76%
If
76%
This
75%
Times
75%
We
74%
Get
72%
My
72%
Can't
71%
No
70%
Square
70%
With
70%
By
68%
I'll
68%
About
67%
Are
67%
Swear
67%
Worry
67%
Have
66%
Song
66%
Distance
65%
Right
65%
Cars
64%
Got
64%
Guitar
64%
Is
64%
All
63%
Listen
63%
Just
62%
Planes
62%
Side
62%
Trains
62%
Eyes
61%
Good
61%
Hard
61%
Way
61%
We'll
61%
Close
60%
I'd
60%
Lonely
60%
Ever
59%
Far
59%
Would
59%
You're
59%
Another
58%
Gettin'
58%
Give
58%
Had
58%
Voice,
57%
Walk
57%
Bills
56%
Of
56%
Other
56%
That
56%
Pay
55%
Believe
54%
Disguise
54%
Seems
54%
Will
54%
Love
53%
They've
53%
Life
52%
More
52%
Because
51%
Knew
51%
Word
50%
Never
49%
Miss
48%
World
48%
Make
47%
Same
47%
Us
47%
Blame
46%
Someday
46%
Promise
45%
You'll
45%
Laugh
44%
Say
44%
Take
44%
You'd
44%
Fall
43%
For
43%
Fun
43%
Our
43%
School
43%
Breath
42%
Done
42%
Friends
42%
History
42%
Write
42%
Along
41%
Makin'
41%
Them
41%
Wrote
41%
Even
40%
Felt
40%
I've
40%
We'd
40%
Years
40%
Every
39%
Much
39%
None
39%
Through
39%
Two
38%
Want
37%
Left
35%
Simple
32%
Here's
30%
Whatever
30%
One's
28%
Whoa,
15%
Whoa
15%
No matching quizzes found
Score Distribution
Percent of People with Each Score
Percentile by Number Answered
Your Score History
You have not taken this quiz